00616nam a22002297a 450000500170000001000130001702000230003003500130005303700170006604000120008308200130009510000200010824500650012825000110019326000570020427000110026130000240027250000200029665000250031665000240034170000210036520170124110016.0 aA-835052 c00.000a0070559147 aA-835052 bCen Lib/ Ret aDPLbEN a302bSEC aSecord, Paul F. aSocial psychology /cby Paul F. Secord [and] Carl W. Backman a2nd ed aLondonbMcGrwa Hill International Book Companyc1974 bLondon axiv,647p.c19cm(Hb) aIncludes index  aSocial psychologyx  aEvaluating persons  aBackman, Carl W.